| 000 | 00477nam a2200181Ia 4500 | ||
|---|---|---|---|
| 005 | 20260429111913.0 | ||
| 008 | 260429s9999||||xx |||||||||||||| ||und|| | ||
| 020 | _a9789358877298 | ||
| 041 | _aEnglish | ||
| 082 |
_a631.584 _bGAU |
||
| 100 | _aGaur, A.C. | ||
| 245 | 0 |
_aHandbook of organic farming and biofertilizers / _cA.C. Gaur |
|
| 260 |
_aNew Delhi : _bNipa, _c2025. |
||
| 300 | _ax, 557 p.; hb | ||
| 650 | _a Organic farming | ||
| 650 | _aAgriculture | ||
| 942 | _cTB | ||
| 999 |
_c51353 _d51353 |
||